| 000 | 00451nam a22001337a 4500 | ||
|---|---|---|---|
| 008 | 110502t xxu||||| |||| 00| 0 eng d | ||
| 082 | _a348.041 ALL | ||
| 100 |
_aBridgman, G. F. L. _92146 |
||
| 245 | _aThe All England Law Reports 1895-1899 : | ||
| 260 |
_aLondon : _bButterworth & Co. _c1963. |
||
| 300 |
_av ; _c24 cm. |
||
| 942 |
_2ddc _cBK |
||
| 999 |
_c798 _d798 |
||